Meilleur joueur africain chaque année au ballon d'or - Statistiques

Statistiques générales
  • Ce quiz a été pris 317 fois
    123 depuis la dernière actualisation
  • Le résultat moyen est 11 sur 15
Statistiques - réponses
Année Pays Place Joueur % Correct
2018 Egypte 6 Mohamed Salah
97%
2007 Côte d'Ivoire 4 Didier Drogba
96%
1995 Libéria 1 George Weah
96%
2019 Sénégal 4 Sadio Mané
96%
2016 Algérie 7 Riyad Mahrez
94%
2004 Cameroun 15 Samuel Eto'o
94%
2017 Gabon 21 Pierre-Emerick Aubameyang
93%
2023 Nigeria 8 Victor Osimhen
87%
2013 Côte d'Ivoire 12 Yaya Touré
85%
2024 Nigeria 14 Ademola Lookman
68%
2008 Togo 12 Emmanuel Adebayor
61%
2002 Sénégal / Sénégal 21 Papa Bouba Diop / El-Hadji Diouf
42%
1996 Nigeria 11 Nwankwo Kanu
33%
1997 Nigeria 32 Victor Ikpeba
7%
1998 Nigeria 29 Sunday Oliseh
3%
Aucun quiz correspondant
Distribution des résultats
% des personnes avec chaque résultat
Percentile par nombre de réponses
Votre historique - résultats
Vous n’avez pas pris ce quiz depuis la dernière actualisation